ბათუმის შოთა რუსთაველის სახელმწიფო უნივერსიტეტის ბიბლიოთეკა

კაცი იმედით ცოცხლობს (ბიბ.ჩანაწერი № 42529)

000 -LEADER
fixed length control field 00750nam a2200229Ia 4500
001 - CONTROL NUMBER
control field 9226
003 - CONTROL NUMBER IDENTIFIER
control field GE_BSU
008 - FIXED-LENGTH DATA ELEMENTS--GENERAL INFORMATION
fixed length control field 181216s||||||||xx |||||||||||||| ||und||
040 ## - CATALOGING SOURCE
Transcribing agency GE_BSU
080 ## - UNIVERSAL DECIMAL CLASSIFICATION NUMBER
Universal Decimal Classification number 821.353.1-31
100 ## - MAIN ENTRY--PERSONAL NAME
Personal name ლორთქიფანიძე,გიორგი
245 ## - TITLE STATEMENT
Title კაცი იმედით ცოცხლობს
245 ## - TITLE STATEMENT
Remainder of title რომანი
245 ## - TITLE STATEMENT
Statement of responsibility, etc. რედ. ლ.ბეჟანიძე,მხატვ.ა.გიორგაძე
260 ## - PUBLICATION, DISTRIBUTION, ETC.
Place of publication, distribution, etc. ბათუმი
260 ## - PUBLICATION, DISTRIBUTION, ETC.
Name of publisher, distributor, etc. საბჭოთა აჭარა
260 ## - PUBLICATION, DISTRIBUTION, ETC.
Date of publication, distribution, etc. 1987
300 ## - PHYSICAL DESCRIPTION
Extent 307გვ.20სმ.
653 ## - INDEX TERM--UNCONTROLLED
Uncontrolled term კაცი იმედით ცოცხლობს
653 ## - INDEX TERM--UNCONTROLLED
Uncontrolled term რომანი
942 ## - ADDED ENTRY ELEMENTS (KOHA)
Koha item type წიგნი
ეგზემპლარები
Withdrawn status Lost status Damaged status Not for loan Date acquired Barcode Date last seen Price effective from Koha item type
        2018-12-17 31986 2018-12-17 2018-12-17 წიგნი